| 000 | 00527nam a22001577a 4500 | ||
|---|---|---|---|
| 999 |
_c8293 _d8294 |
||
| 008 | 190814b ||||| |||| 00| 0 eng d | ||
| 020 | _a9780520222168 | ||
| 082 | _a305.8 BUR | ||
| 245 |
_aGlobal ethnography : _bforces, connections, and imaginations in a postmodern world. |
||
| 260 |
_aBerkeley: _bUniversity of California Press, _c2000. |
||
| 300 |
_a xv, 392 p. ; _c23 cm. |
||
| 500 | _aIncludes bibliographical references (p. 351-373) and index. | ||
| 650 | _a Ethnology. | ||
| 700 | _aBurawoy, Michael. | ||
| 942 | _2ddc | ||